LOS CORAS (Registro nro. 57809)
[ vista simple ]
| 000 -LEADER | |
|---|---|
| fixed length control field | 00933nam a2200205 a 4500 |
| 001 - CONTROL NUMBER | |
| control field | 57809 |
| 005 - DATE AND TIME OF LATEST TRANSACTION | |
| control field | 20180714054144.0 |
| 008 - FIXED-LENGTH DATA ELEMENTS--GENERAL INFORMATION | |
| fixed length control field | 140415s1992 mx 000 0 spa d |
| 020 ## - INTERNATIONAL STANDARD BOOK NUMBER | |
| International Standard Book Number | 9682939941 |
| 041 ## - LANGUAGE CODE | |
| Language code of text/sound track or separate title | spa |
| 082 ## - DEWEY DECIMAL CLASSIFICATION NUMBER | |
| Classification number | 306 |
| Item number | PRE |
| 100 1# - MAIN ENTRY--PERSONAL NAME | |
| Personal name | GONZALEZ RAMOS, GILDARDO |
| 245 14 - TITLE STATEMENT | |
| Title | LOS CORAS |
| 250 ## - EDITION STATEMENT | |
| Edition statement | 1a ed. |
| 260 ## - PUBLICATION, DISTRIBUTION, ETC. | |
| Place of publication, distribution, etc. | MEXICO : |
| Name of publisher, distributor, etc. | CONSEJO NACIONAL PARA LA CULTURA Y LAS ARTES, |
| Date of publication, distribution, etc. | 1992 |
| 300 ## - PHYSICAL DESCRIPTION | |
| Extent | 571 |
| Dimensions | 13.5 x 1 x 20.9 |
| 490 ## - SERIES STATEMENT | |
| Series statement | PRESENCIAS |
| 520 ## - SUMMARY, ETC. | |
| Summary, etc. | EL PRESENTE LIBRO OFRECE UN ESTUDIO MUY DETALLADO DE LOS CORAS, REALIZADO AL FINAL DE LA DECADA DE LOS SESENTA, SOBRE SU MEDIO FISICO-GEOGRAFICO, PROBLACION, FORMAS DE COMUNICACION, TRANSPORTE, ALIMENTACION; SU VIDA ECONOMICA Y RELIGIOSA; SU ORGANIACION SOCIAL Y POLITICA ; SU MEDICINA TRADICIONAL Y SU ACCESO A LOS SERVICIOS PUBLICOS. |
| 650 14 - SUBJECT ADDED ENTRY--TOPICAL TERM | |
| Topical term or geographic name entry element | INDIGENAS DE MEXICO |
| General subdivision | NAYARIT |
| -- | CONDICIONES SOCIALES Y CULTURALES |
| -- | NAYARIT |
| -- | DEMOGRAFIA |
| Withdrawn status | Lost status | Source of classification or shelving scheme | Damaged status | Not for loan | Collection code | Home library | Current library | Shelving location | Date acquired | Source of acquisition | Inventory number | Total Checkouts | Full call number | Barcode | Date last seen | Price effective from | Koha item type |
|---|---|---|---|---|---|---|---|---|---|---|---|---|---|---|---|---|---|
| Dewey Decimal Classification | General | Biblioteca Karol Wojtyla | Biblioteca Karol Wojtyla | Sala general | 03/12/2013 | Compra | 151000000000000000053777 | 306 PRE | 87290 | 05/01/2026 | 03/12/2013 | Libro |